[Event "53rd World U20 ch"]
[Site "Pune IND"]
[Date "2014.10.07"]
[Round "2.4"]
[White "Vidit, Santosh Gujrathi"]
[Black "Vignesh, N. R."]
[Result "1-0"]
[WhiteElo "2635"]
[BlackElo "2360"]
[EventDate "2014.10.06"]
[PlyCount "120"]

1.d4 Nf6 2.c4 e6 3.Nf3 d5 4.Nc3 Be7 5.Bg5 h6 6.Bh4 O-O 7.e3 b6 8.Be2 dxc4 
9.Bxc4 Bb7 10.O-O Ne4 11.Bg3 Nxg3 12.hxg3 c5 13.d5 exd5 14.Nxd5 Nc6 15.Qe2
Na5 16.Rad1 Nxc4 17.Qxc4 Bf6 18.b3 Bxd5 19.Rxd5 Qe7 20.Rfd1 Rad8 21.Qa4 
Rxd5 22.Rxd5 Qe6 23.Rd7 a6 24.Ra7 b5 25.Qxa6 Qxa6 26.Rxa6 Rc8 27.Rd6 c4 
28.bxc4 bxc4 29.Rd2 Ba1 30.Rc2 c3 31.Nd4 Ra8 32.Kf1 Bb2 33.Nb5 h5 34.Ke2 
Ra5 35.Nxc3 Bxc3 36.Rxc3 Rxa2+ 37.Kf3 g6 38.e4 Kf8 39.Re3 Ke7 40.Re2 Ra3+ 
41.Kf4 Kf6 42.e5+ Ke6 43.Kg5 Ra5 44.f4 Ra3 45.Kh4 Ra1 46.g4 hxg4 47.Kxg4 
f6 48.Rb2 Ra6 49.Rb5 Rc6 50.g3 Ra6 51.Rc5 Rb6 52.Ra5 Rc6 53.Ra7 fxe5 54.
fxe5 Rc5 55.Kf4 g5+ 56.Kxg5 Rxe5+ 57.Kh6 Kf5 58.Rf7+ Kg4 59.Rg7+ Kf3 60.g4
Re6+ 1-0

[Event "53rd World U20 ch"]
[Site "Pune IND"]
[Date "2014.10.07"]
[Round "2.5"]
[White "Cabarkapa, Novak"]
[Black "Cori Tello, Jorge"]
[Result "0-1"]
[WhiteElo "2379"]
[BlackElo "2612"]
[EventDate "2014.10.06"]
[PlyCount "72"]

1.e4 c5 2.Nf3 e6 3.b3 b6 4.Bb2 Bb7 5.Nc3 Nc6 6.g3 Nf6 7.Bg2 Be7 8.O-O O-O 
9.Re1 e5 10.Nd5 d6 11.c3 Re8 12.Nh4 Bf8 13.d4 exd4 14.Nxf6+ Qxf6 15.cxd4 
Rad8 16.Qd2 cxd4 17.f4 d5 18.e5 Qe6 19.a3 Ba6 20.b4 Bc4 21.Bxd4 Nxd4 22.
Qxd4 a5 23.f5 Qh6 24.Rab1 axb4 25.axb4 b5 26.h3 Qg5 27.Kh2 Ra8 28.Ra1 Bxb4
29.Rxa8 Rxa8 30.Rb1 Bf8 31.f6 Ra2 32.Re1 Qd2 33.Qg1 Qf2 34.Qxf2 Rxf2 35.
Ra1 gxf6 36.exf6 b4 0-1

[Event "53rd World U20 ch"]
[Site "Pune IND"]
[Date "2014.10.07"]
[Round "2.6"]
[White "Duda, Jan-Krzysztof"]
[Black "Prince, Bajaj"]
[Result "1/2-1/2"]
[WhiteElo "2599"]
[BlackElo "2369"]
[EventDate "2014.10.06"]
[PlyCount "82"]

1.e4 c5 2.Nf3 e6 3.d4 cxd4 4.Nxd4 Nc6 5.Nb5 d6 6.c4 Nf6 7.N1c3 a6 8.Na3 
Be7 9.Be2 O-O 10.O-O b6 11.Be3 Bb7 12.Qb3 Nd7 13.Rfd1 Nc5 14.Qc2 Bf6 15.
Rac1 Qe7 16.Nab1 Nb4 17.Qd2 Rad8 18.Bf1 d5 19.Nxd5 Nxd5 20.exd5 exd5 21.
cxd5 Bxd5 22.Qb4 Bxa2 23.Nc3 Be6 24.Qxb6 Nb3 25.Rb1 a5 26.Qb5 Qb4 27.Nd5 
Bxd5 28.Rxd5 Qxb5 29.Rxb5 Nd2 30.Rc1 Nxf1 31.Kxf1 Rb8 32.Rxb8 Rxb8 33.Ba7 
Rd8 34.b3 h6 35.Ke2 Rd7 36.Bb6 Rb7 37.Rc6 Rb8 38.Kd2 Ra8 39.Rc2 Rb8 40.
Bxa5 Rxb3 41.Bc3 Bxc3+ 1/2-1/2

[Event "53rd World U20 ch"]
[Site "Pune IND"]
[Date "2014.10.07"]
[Round "2.7"]
[White "Gahwiler, Gabriel"]
[Black "Bok, Benjamin"]
[Result "1-0"]
[WhiteElo "2360"]
[BlackElo "2591"]
[EventDate "2014.10.06"]
[PlyCount "66"]

1.e4 e5 2.Nf3 Nc6 3.Bc4 Bc5 4.b4 Bxb4 5.c3 Be7 6.d4 Na5 7.Be2 d6 8.Qa4+ c6
9.dxe5 dxe5 10.Nxe5 Nf6 11.O-O b5 12.Qc2 Qc7 13.Nf3 O-O 14.Bg5 Bg4 15.Nd4 
Bxe2 16.Qxe2 Rfe8 17.Nd2 Nxe4 18.Bxe7 Nxd2 19.Rfe1 Ndc4 20.Qe4 Qd7 21.Nf5 
Qe6 22.Qf4 Qg6 23.Bd8 f6 24.Bxa5 Nxa5 25.Ne7+ Rxe7 26.Rxe7 Nc4 27.a4 Nb6 
28.axb5 cxb5 29.Qd6 Rf8 30.Rexa7 Na4 31.Qd5+ Kh8 32.Ra8 Re8 33.Qd8 Rf8 1-0

[Event "53rd World U20 ch"]
[Site "Pune IND"]
[Date "2014.10.07"]
[Round "2.8"]
[White "Grigorian, Karen H."]
[Black "Kozganbay, Erkin"]
[Result "1/2-1/2"]
[WhiteElo "2591"]
[BlackElo "2328"]
[EventDate "2014.10.06"]
[PlyCount "46"]

1.d4 d5 2.c4 c6 3.Nf3 Nf6 4.Nc3 e6 5.Bg5 dxc4 6.e4 b5 7.e5 h6 8.Bh4 g5 9.
Nxg5 hxg5 10.Bxg5 Be7 11.exf6 Bxf6 12.Bxf6 Qxf6 13.g3 Bb7 14.Bg2 Na6 15.a4
O-O-O 16.axb5 cxb5 17.Bxb7+ Kxb7 18.Nxb5 Nb4 19.Rxa7+ Kb6 20.Kf1 Qf5 21.
Qa4 Qb1+ 22.Kg2 Qe4+ 23.Kg1 Qe1+ 1/2-1/2

[Event "53rd World U20 ch"]
[Site "Pune IND"]
[Date "2014.10.07"]
[Round "2.9"]
[White "Arat, Ufuk Sezen"]
[Black "Indic, Aleksandar"]
[Result "1-0"]
[WhiteElo "2357"]
[BlackElo "2554"]
[EventDate "2014.10.06"]
[PlyCount "87"]

1.d4 Nf6 2.c4 d6 3.Nf3 Bf5 4.Nc3 h6 5.g3 c6 6.Bg2 Nbd7 7.d5 c5 8.O-O g5 9.
Ne1 g4 10.e4 Bg6 11.Nd3 h5 12.Re1 Bg7 13.Bf4 O-O 14.e5 Ne8 15.e6 Ndf6 16.
Bg5 Nh7 17.exf7+ Rxf7 18.Bh4 Bxd3 19.Qxd3 Bf6 20.Bxf6 Nexf6 21.Ne2 Qf8 22.
Nf4 Qh6 23.Re2 Re8 24.Rae1 Nf8 25.h4 gxh3 26.Bxh3 Rg7 27.Be6+ Kh8 28.Qf3 
N8h7 29.Kg2 Ng5 30.Qd3 Ngh7 31.Qe3 Rf8 32.Rh1 Qg5 33.Kf1 a6 34.Qd3 b5 35.
cxb5 axb5 36.Qxb5 Nxd5 37.Bxd5 Rxf4 38.gxf4 Qxd5 39.Qe8+ Rg8 40.Qxh5 Qd3 
41.Qh3 Qxh3+ 42.Rxh3 Rg7 43.a4 Rf7 44.a5 1-0

[Event "53rd World U20 ch"]
[Site "Pune IND"]
[Date "2014.10.07"]
[Round "2.10"]
[White "Nasanjargal, Urtnasan"]
[Black "Kovalev, Vladislav"]
[Result "0-1"]
[WhiteElo "2330"]
[BlackElo "2548"]
[EventDate "2014.10.06"]
[PlyCount "112"]

1.c4 Nf6 2.Nc3 g6 3.g3 Bg7 4.Bg2 c5 5.Nf3 Nc6 6.O-O O-O 7.d4 cxd4 8.Nxd4 
Qa5 9.Nc2 d6 10.Nd5 Nxd5 11.cxd5 Ne5 12.Bd2 Qb6 13.Bc3 Bd7 14.Bd4 Qa5 15.
f4 Ng4 16.Bxg7 Kxg7 17.Qd4+ Kg8 18.h3 Rfc8 19.Rfc1 Nf6 20.Nb4 Qa4 21.b3 
Qa3 22.Nc2 Qa5 23.Ne3 Rxc1+ 24.Rxc1 Qxa2 25.Rc7 Qxb3 26.Ng4 Nxg4 27.hxg4 
Bxg4 28.Kh2 Re8 29.Qxa7 Bxe2 30.Rxb7 Qc2 31.Rc7 Qd2 32.Qf2 Qa5 33.Rb7 Bg4 
34.Qe3 Qd8 35.Qa7 Kf8 36.Qd4 f6 37.Qa7 Qc8 38.Rc7 Qf5 39.Qe3 Qb1 40.Ra7 
Qc2 41.Rb7 Qe2 42.Qxe2 Bxe2 43.Bh3 f5 44.Bg2 Rc8 45.Rb2 Bd3 46.Rb3 Be4 47.
Bxe4 fxe4 48.Rb4 Rc5 49.Rd4 Kf7 50.g4 h5 51.g5 Rc3 52.Kg2 Rd3 53.Rxe4 Rxd5
54.Kg3 e5 55.Ra4 Rd3+ 56.Kh4 Rd4 0-1

[Event "53rd World U20 ch"]
[Site "Pune IND"]
[Date "2014.10.07"]
[Round "2.11"]
[White "Koksal, Ege"]
[Black "Lu Shanglei"]
[Result "0-1"]
[WhiteElo "2321"]
[BlackElo "2533"]
[EventDate "2014.10.06"]
[PlyCount "104"]

1.d4 d5 2.c4 e6 3.Nc3 Nf6 4.cxd5 exd5 5.Bg5 c6 6.Qc2 Na6 7.e3 Nb4 8.Qb1 g6
9.a3 Bf5 10.e4 Bxe4 11.Nxe4 dxe4 12.Bxf6 Qxf6 13.Qxe4+ Kd8 14.Nf3 Nd5 15.
Bc4 Bd6 16.O-O Re8 17.Qc2 Nb6 18.Rfe1 Kc7 19.Qb3 Nxc4 20.Qxc4 Qf5 21.Rac1 
Rad8 22.h3 Kb8 23.Kf1 g5 24.Rxe8 Rxe8 25.Re1 Rd8 26.Qe2 h6 27.Qe4 Qb5+ 28.
Qe2 Qb3 29.Rc1 a5 30.Rc3 Qa2 31.g3 f5 32.Kg2 g4 33.hxg4 fxg4 34.Nh2 Qd5+ 
35.Kg1 h5 36.Qc4 Bc7 37.Nf1 Qxc4 38.Rxc4 Bb6 39.b3 Rxd4 40.Rxd4 Bxd4 41.
Nd2 Kc7 42.Kf1 b5 43.Ke2 Kd6 44.f3 gxf3+ 45.Kxf3 Bb2 46.Nb1 Kd5 47.Ke3 c5 
48.Kd3 Be5 49.Nc3+ Bxc3 50.Kxc3 b4+ 51.axb4 axb4+ 52.Kd3 c4+ 0-1

[Event "53rd World U20 ch"]
[Site "Pune IND"]
[Date "2014.10.07"]
[Round "2.12"]
[White "Navalgund, Niranjan"]
[Black "Antipov, Mikhail"]
[Result "0-1"]
[WhiteElo "2267"]
[BlackElo "2524"]
[EventDate "2014.10.06"]
[PlyCount "102"]

1.d4 Nf6 2.c4 e6 3.g3 c5 4.d5 exd5 5.cxd5 d6 6.Nc3 g6 7.Bg2 Bg7 8.Nf3 O-O 
9.O-O a6 10.a4 Re8 11.Bf4 Nh5 12.Bg5 Qc7 13.Rc1 Nd7 14.b4 Qb6 15.bxc5 Nxc5
16.Nd2 Qb4 17.Na2 Qxa4 18.Rxc5 Qxd1 19.Rxd1 dxc5 20.Nc4 b5 21.d6 Ra7 22.
Nb6 Bd7 23.Nxd7 Rxd7 24.Bc6 Red8 25.Bxd8 Rxd8 26.Nc1 Bc3 27.d7 Nf6 28.Nd3 
Bb4 29.e4 Kf8 30.e5 Nxd7 31.Nf4 g5 32.Nh5 Ke7 33.Ng7 Nxe5 34.Nf5+ Ke6 35.
Ng7+ Ke7 36.Nf5+ Kf6 37.Rxd8 Nxc6 38.Rd6+ Kxf5 39.Rxc6 Ke4 40.Rxa6 c4 41.
Kf1 Kd3 42.Ra7 c3 43.Rd7+ Kc2 44.Ke2 Ba3 45.Rc7 b4 46.Ke3 b3 47.Kd4 Bb4 
48.Rb7 Bf8 49.Rxf7 b2 50.Rb7 b1=Q 51.Rxb1 Bg7+ 0-1

[Event "53rd World U20 ch"]
[Site "Pune IND"]
[Date "2014.10.07"]
[Round "2.13"]
[White "Idani, Pouya"]
[Black "Beradze, Irakli"]
[Result "1-0"]
[WhiteElo "2517"]
[BlackElo "2318"]
[EventDate "2014.10.06"]
[PlyCount "83"]

1.e4 e6 2.d4 d5 3.Nd2 Nf6 4.e5 Nfd7 5.c3 c5 6.Bd3 Nc6 7.Ne2 cxd4 8.cxd4 f6
9.exf6 Nxf6 10.O-O Bd6 11.Nf3 Qc7 12.g3 O-O 13.Bf4 Ng4 14.Bxd6 Qxd6 15.Nc3
Qd8 16.Be2 Qf6 17.Qd2 Nh6 18.Rad1 Nf5 19.Bb5 Nd6 20.Nh4 Nxb5 21.Nxb5 g5 
22.Ng2 e5 23.dxe5 Nxe5 24.f4 gxf4 25.Nxf4 Qb6+ 26.Qd4 Bg4 27.Qxb6 axb6 28.
Rxd5 Rae8 29.Nd4 Kh8 30.h3 Bd7 31.Re1 Nc6 32.Rxe8 Bxe8 33.a3 Nxd4 34.Rxd4 
Bc6 35.Kf2 Re8 36.g4 h6 37.Rd6 Kh7 38.Ne6 b5 39.Nd4 Rf8+ 40.Nf5 Be4 41.
Rxh6+ Kg8 42.Rh5 1-0

[Event "53rd World U20 ch"]
[Site "Pune IND"]
[Date "2014.10.07"]
[Round "2.14"]
[White "Viani D`Cunha, Antonio"]
[Black "Rajpara, Ankit"]
[Result "0-1"]
[WhiteElo "2257"]
[BlackElo "2508"]
[EventDate "2014.10.06"]
[PlyCount "106"]

1.e4 c6 2.d4 d5 3.exd5 cxd5 4.c4 Nf6 5.Nc3 e6 6.Nf3 Bb4 7.cxd5 Nxd5 8.Bd2 
Nc6 9.Bd3 Be7 10.a3 O-O 11.O-O Nxc3 12.bxc3 b6 13.Re1 Bb7 14.a4 Rc8 15.Qb1
g6 16.a5 Nxa5 17.Rxa5 Bxf3 18.Rxa7 Bd5 19.Bb5 Rc7 20.Ra6 Bg5 21.f4 Bf6 22.
Bf1 Rc6 23.Qb5 Qc7 24.Kh1 Rxc3 25.Bxc3 Qxc3 26.Rd1 Bxd4 27.Qd3 Qxd3 28.
Bxd3 Rc8 29.h3 Rc3 30.Be4 Bxe4 31.Rxd4 Bd5 32.Rd2 Rxh3+ 33.Kg1 Rb3 34.Kf2 
h5 35.Raa2 Rb4 36.Rab2 Rxf4+ 37.Kg1 Kg7 38.Rxb6 g5 39.Rd6 h4 40.Rf2 Rxf2 
41.Kxf2 Kf6 42.Rd8 Kf5 43.Rf8 f6 44.Kg1 Ke5 45.Kh2 Kf5 46.g3 hxg3+ 47.Kxg3
e5 48.Kf2 e4 49.Kg3 Ke5 50.Rb8 f5 51.Rb4 e3 52.Ra4 f4+ 53.Kg4 f3 0-1

[Event "53rd World U20 ch"]
[Site "Pune IND"]
[Date "2014.10.07"]
[Round "2.15"]
[White "Ghosh, Diptayan"]
[Black "Kumaran, Balaji"]
[Result "1-0"]
[WhiteElo "2508"]
[BlackElo "2239"]
[EventDate "2014.10.06"]
[PlyCount "101"]

1.d4 Nf6 2.c4 e6 3.g3 d5 4.Nf3 Bb4+ 5.Bd2 Be7 6.Bg2 O-O 7.O-O c6 8.Bg5 
Nbd7 9.Nbd2 b6 10.Qa4 Bb7 11.Rac1 a6 12.Qc2 Rc8 13.Qb1 h6 14.Bxf6 Bxf6 15.
b4 dxc4 16.Nxc4 c5 17.bxc5 Bxf3 18.Bxf3 bxc5 19.d5 exd5 20.Bxd5 Rb8 21.Qf5
Qe7 22.Rfd1 Ne5 23.Nxe5 Bxe5 24.Bc4 Bd6 25.Bxa6 g6 26.Qf3 Be5 27.Bc4 Kg7 
28.Rd5 Rbd8 29.Rcd1 Bd4 30.Rxd8 Rxd8 31.e3 Bf6 32.Rxd8 Qxd8 33.a4 h5 34.
Kg2 Qd7 35.a5 Bd8 36.a6 Bb6 37.e4 f6 38.Qb3 Ba7 39.Kf1 Kh6 40.Ke2 Qd4 41.
Qe3+ Kg7 42.Qxd4 cxd4 43.Kd3 Kf8 44.f4 Ke7 45.e5 Bb6 46.Ke4 Ba7 47.Kd5 g5 
48.e6 h4 49.gxh4 gxh4 50.h3 Bb8 51.f5 1-0

[Event "53rd World U20 ch"]
[Site "Pune IND"]
[Date "2014.10.07"]
[Round "2.16"]
[White "Bajarani, Ulvi"]
[Black "Mithil, Ajgaonkar"]
[Result "1/2-1/2"]
[WhiteElo "2496"]
[BlackElo "2258"]
[EventDate "2014.10.06"]
[PlyCount "33"]

1.e4 e5 2.Nf3 Nc6 3.Bb5 a6 4.Ba4 Nf6 5.O-O b5 6.Bb3 Bc5 7.d3 h6 8.a4 Rb8 
9.Nc3 O-O 10.h3 d6 11.Nd5 Nxd5 12.Bxd5 Ne7 13.Bb3 Ng6 14.c3 Bb6 15.d4 Qe7 
16.Re1 Bd7 17.axb5 1/2-1/2

[Event "53rd World U20 ch"]
[Site "Pune IND"]
[Date "2014.10.07"]
[Round "2.17"]
[White "Praneeth Surya, K."]
[Black "Grover, Sahaj"]
[Result "0-1"]
[WhiteElo "2251"]
[BlackElo "2491"]
[EventDate "2014.10.06"]
[PlyCount "148"]

1.e4 e5 2.Nf3 Nc6 3.Bb5 a6 4.Ba4 Nge7 5.O-O g6 6.c3 Bg7 7.d4 exd4 8.cxd4 
b5 9.Bc2 d5 10.exd5 Nxd5 11.Bg5 Qd6 12.Nbd2 O-O 13.Ne4 Qb4 14.Bb3 Be6 15.
a3 Qa5 16.Nc5 Qb6 17.Re1 Na5 18.Nxe6 fxe6 19.Ba2 Qd6 20.Qe2 Rae8 21.Ne5 
Nb7 22.b4 Nc3 23.Qe3 Nxa2 24.Rxa2 a5 25.Qc3 Rf5 26.Bh4 Qd5 27.Raa1 c5 28.
bxc5 Nxc5 29.Qxc5 Qxc5 30.dxc5 Bxe5 31.Rac1 Bb2 32.Rc2 Bxa3 33.c6 Rd5 34.
c7 Rc8 35.Kf1 Kf7 36.Bg3 Bd6 37.Bxd6 Rxd6 38.Re5 Rb6 39.Rec5 b4 40.Rxa5 b3
41.Rb2 Rxc7 42.Ra3 Rcb7 43.Ke2 Kf6 44.Kd3 e5 45.Kc3 Rc6+ 46.Kd3 Rd6+ 47.
Kc4 Rd4+ 48.Kc3 Rc7+ 49.Kxb3 Rb7+ 50.Ka2 Rxb2+ 51.Kxb2 Rd2+ 52.Kc1 Rxf2 
53.Rg3 Kf5 54.Kd1 e4 55.Ke1 Ra2 56.Kf1 Kf4 57.Rh3 h5 58.Rb3 g5 59.Rb8 Rd2 
60.Rb3 h4 61.Ra3 Rc2 62.Rb3 Ke5 63.Rb5+ Kd4 64.h3 Kd3 65.Rxg5 Rc1+ 66.Kf2 
e3+ 67.Kf3 Rf1+ 68.Kg4 e2 69.Re5 e1=Q 70.Rxe1 Rxe1 71.Kxh4 Re5 72.g4 Ke4 
73.g5 Kf5 74.Kh5 Re8 0-1

[Event "53rd World U20 ch"]
[Site "Pune IND"]
[Date "2014.10.07"]
[Round "2.18"]
[White "Ducarmon, Quinten"]
[Black "Gahan, M. G."]
[Result "1-0"]
[WhiteElo "2487"]
[BlackElo "2252"]
[EventDate "2014.10.06"]
[PlyCount "109"]

1.e4 c5 2.Nf3 e6 3.d4 cxd4 4.Nxd4 a6 5.Be2 b6 6.O-O Bb7 7.Nc3 Qc7 8.f4 Bb4
9.Qd3 Nc6 10.Nb3 Nce7 11.Bd2 Nf6 12.e5 Bxc3 13.Qxc3 Qxc3 14.Bxc3 Nfd5 15.
Bd2 Nf5 16.Rf2 a5 17.g4 a4 18.gxf5 axb3 19.fxe6 fxe6 20.cxb3 O-O 21.a3 Rf7
22.Bd3 g6 23.Rc1 Raf8 24.Rcf1 Rc8 25.b4 Ra8 26.Rc1 Raf8 27.Rcf1 Ra8 28.h4 
Kh8 29.Kh2 Ba6 30.b5 Bb7 31.Rc1 Rff8 32.Rff1 Ra4 33.Rc4 Rxc4 34.Bxc4 Rc8 
35.Bd3 Kg7 36.h5 Ne7 37.Be3 Nd5 38.Bd2 Ne7 39.Be3 Nd5 40.Bd4 Ra8 41.hxg6 
hxg6 42.Be4 Ra5 43.Rg1 Ra4 44.Rd1 Ra5 45.Kg3 Rxb5 46.b4 Ne3 47.Bxb7 Nxd1 
48.Kf3 g5 49.Ke2 gxf4 50.Kxd1 Kg6 51.Be4+ Kg5 52.Ke2 Kg4 53.Bc3 f3+ 54.
Bxf3+ Kf4 55.a4 1-0

[Event "53rd World U20 ch"]
[Site "Pune IND"]
[Date "2014.10.07"]
[Round "2.19"]
[White "Patil, Pratik"]
[Black "Aravindh, Chithambaram"]
[Result "1/2-1/2"]
[WhiteElo "2231"]
[BlackElo "2475"]
[EventDate "2014.10.06"]
[PlyCount "98"]

1.e4 c5 2.c3 Nf6 3.e5 Nd5 4.d4 cxd4 5.Nf3 Nc6 6.cxd4 d6 7.Bc4 Nb6 8.Bb5 
Bd7 9.Nc3 e6 10.O-O dxe5 11.dxe5 Be7 12.a3 O-O 13.Bf4 Na5 14.Bd3 Rc8 15.
Qe2 Bc6 16.Rad1 Nd5 17.Nxd5 Bxd5 18.Be4 Bc4 19.Bxh7+ Kxh7 20.Qe4+ Kg8 21.
Rxd8 Rfxd8 22.Re1 Bd3 23.Qa4 Rd5 24.Bd2 Bc2 25.Qg4 Bf5 26.Qg3 Nc4 27.Bc1 
Rd3 28.h4 Bg6 29.Qg4 Nb6 30.Ng5 Rc4 31.f4 Bf5 32.Qh5 Bg6 33.Qg4 Rc2 34.
Nxe6 Bxh4 35.Qxh4 fxe6 36.Be3 Nc4 37.Bf2 Rdd2 38.Qe7 Bf7 39.f5 exf5 40.e6 
Bh5 41.Qg5 Be8 42.b3 Nd6 43.Re3 f4 44.Rh3 Rxf2 45.Qh4 Rxg2+ 46.Kh1 Kf8 47.
Qd8 Kg8 48.Qh4 Kf8 49.Qd8 Kg8 1/2-1/2

[Event "53rd World U20 ch"]
[Site "Pune IND"]
[Date "2014.10.07"]
[Round "2.20"]
[White "Kantans, Toms"]
[Black "Prasannaa, S."]
[Result "1-0"]
[WhiteElo "2485"]
[BlackElo "2232"]
[EventDate "2014.10.06"]
[PlyCount "51"]

1.c4 c6 2.e4 e5 3.Nf3 Qc7 4.Nc3 Nf6 5.d4 Bb4 6.Nxe5 O-O 7.Bd3 c5 8.Nf3 b5 
9.O-O Bxc3 10.bxc3 bxc4 11.Bc2 Bb7 12.e5 Ne4 13.Ng5 Nxg5 14.Bxg5 cxd4 15.
cxd4 Qc6 16.Qg4 Qe6 17.Bf5 Qd5 18.Rfe1 Nc6 19.Bf6 g6 20.Be4 Qa5 21.Qg5 
Nxd4 22.Qh6 Ne6 23.Re3 Bxe4 24.Qxh7+ Kxh7 25.Rh3+ Kg8 26.Rh8# 1-0

[Event "53rd World U20 ch"]
[Site "Pune IND"]
[Date "2014.10.07"]
[Round "2.21"]
[White "Siva, Mahadevan"]
[Black "Das, Sayantan"]
[Result "0-1"]
[WhiteElo "2141"]
[BlackElo "2456"]
[EventDate "2014.10.06"]
[PlyCount "106"]

1.d4 d5 2.Nf3 Nf6 3.c4 c6 4.e3 Bf5 5.Nc3 e6 6.Nh4 Bg6 7.Be2 Nbd7 8.O-O Ne4
9.Nxg6 hxg6 10.cxd5 exd5 11.Nxe4 dxe4 12.d5 Bd6 13.g3 c5 14.Qb3 Qc7 15.Bd2
O-O 16.Rac1 f5 17.Kg2 g5 18.f4 exf3+ 19.Rxf3 Rae8 20.Rcf1 g6 21.Qc2 g4 22.
R3f2 Nf6 23.Bd3 Ne4 24.Re2 Qh7 25.Bxe4 Rxe4 26.Bc1 Rfe8 27.Kg1 c4 28.b3 
Qc7 29.Bd2 Rc8 30.Rc1 Ba3 31.Rd1 Bd6 32.Be1 b5 33.Rd4 Rce8 34.bxc4 bxc4 
35.Bf2 Kf7 36.Rxe4 Rxe4 37.Re1 Bc5 38.Qc3 Qe5 39.Qxe5 Rxe5 40.Rc1 Re4 41.
Kf1 Ke7 42.Ke2 Kd6 43.Rd1 Bb6 44.Rc1 Kxd5 45.Rd1+ Kc6 46.Rc1 g5 47.Kf1 Ba5
48.Rd1 a6 49.Kg2 c3 50.Rc1 Ra4 51.Rc2 Kd5 52.Kf1 Ke4 53.Ke2 Rb4 0-1

[Event "53rd World U20 ch"]
[Site "Pune IND"]
[Date "2014.10.07"]
[Round "2.22"]
[White "Kriebel, Tadeas"]
[Black "Nihal, Sarin"]
[Result "1/2-1/2"]
[WhiteElo "2428"]
[BlackElo "2018"]
[EventDate "2014.10.06"]
[PlyCount "130"]

1.e4 e6 2.d4 d5 3.Nc3 Bb4 4.exd5 exd5 5.Bd3 Nf6 6.Ne2 O-O 7.O-O c6 8.h3 
Re8 9.Ng3 Nbd7 10.Qf3 Nf8 11.a3 Be7 12.Be3 Ng6 13.Nf5 Bxf5 14.Qxf5 Nf8 15.
Qf3 g6 16.Rae1 Ne6 17.Ne2 Bf8 18.Ng3 Bg7 19.c3 Qc7 20.Bc1 Rad8 21.Re2 Nd7 
22.Rfe1 Ndf8 23.h4 f5 24.Nf1 Qf7 25.g4 fxg4 26.Qxg4 Qd7 27.Nh2 Nc7 28.Qg3 
Rxe2 29.Bxe2 Re8 30.Be3 Nce6 31.Nf3 Bf6 32.Bg5 Nxg5 33.hxg5 Bg7 34.Bd3 
Rxe1+ 35.Nxe1 Ne6 36.Nf3 Qc7 37.Qg4 Kf7 38.Bf1 Qf4 39.Bh3 Qxg4+ 40.Bxg4 
Ke7 41.Kh2 b6 42.Kg3 c5 43.Bxe6 Kxe6 44.Kg4 Bh8 45.a4 Bg7 46.Kf4 h5 47.
dxc5 bxc5 48.Nh4 Be5+ 49.Ke3 Kf7 50.Ng2 a5 51.f4 Bc7 52.b3 c4 53.bxc4 dxc4
54.Ke4 Bb6 55.f5 Bf2 56.fxg6+ Kg7 57.Nf4 h4 58.Kf5 h3 59.Nxh3 Be1 60.Nf4 
Bxc3 61.Ne6+ Kg8 62.Ke4 Bb2 63.Ke3 Be5 64.Kd2 Bb2 65.Kc2 Be5 1/2-1/2

[Event "53rd World U20 ch"]
[Site "Pune IND"]
[Date "2014.10.07"]
[Round "2.23"]
[White "Ajay Krishna, S"]
[Black "Ben Artzi, Ido"]
[Result "1/2-1/2"]
[WhiteElo "2072"]
[BlackElo "2423"]
[EventDate "2014.10.06"]
[PlyCount "87"]

1.d4 Nf6 2.Nf3 g6 3.g3 Bg7 4.Bg2 d5 5.O-O O-O 6.c4 dxc4 7.Na3 c3 8.bxc3 c5
9.Ne5 Nfd7 10.Nac4 Nxe5 11.Nxe5 Nd7 12.Nxd7 Qxd7 13.Be3 Qc7 14.Qc1 Bg4 15.
Qb2 Rab8 16.dxc5 Qa5 17.Rac1 Rfd8 18.Rfe1 Be6 19.a3 Bc4 20.Qb4 Qa6 21.Bf3 
Bb5 22.Rb1 Bc6 23.Bxc6 Qxc6 24.Red1 Bf6 25.Qa5 Rxd1+ 26.Rxd1 a6 27.Rd8+ 
Rxd8 28.Qxd8+ Kg7 29.Qd2 h5 30.Bd4 e5 31.Be3 Be7 32.Qb2 Bxc5 33.Bxc5 Qxc5 
34.Qxb7 Qxa3 35.Qc7 Kf6 36.c4 Qa1+ 37.Kg2 Qd4 38.Qc6+ Kg7 39.e3 Qd3 40.c5 
a5 41.Qa8 a4 42.Qxa4 Qd5+ 43.Kg1 Qxc5 44.Qe4 1/2-1/2

[Event "53rd World U20 ch"]
[Site "Pune IND"]
[Date "2014.10.07"]
[Round "2.24"]
[White "Gandhi, Anish"]
[Black "Sunilduth Lyna, Narayanan"]
[Result "0-1"]
[WhiteElo "2068"]
[BlackElo "2420"]
[EventDate "2014.10.06"]
[PlyCount "110"]

1.d4 Nf6 2.c4 e6 3.g3 d5 4.Nf3 Be7 5.Bg2 O-O 6.O-O c6 7.Nbd2 b6 8.Qc2 Bb7 
9.b3 Na6 10.Bb2 Rc8 11.e4 Qc7 12.Rfe1 Rfe8 13.Ne5 c5 14.exd5 exd5 15.cxd5 
Nb4 16.Qf5 g6 17.Qf4 Nbxd5 18.Bxd5 Bxd5 19.dxc5 Nh5 20.Qd4 Bxc5 21.Qxd5 
Red8 22.Nd7 Rxd7 23.Qg5 f6 24.Qh6 Nxg3 25.hxg3 Qxg3+ 26.Kh1 Bxf2 27.Rac1 
Rcd8 28.Ne4 Qf3+ 29.Kh2 Bd4 30.Bxd4 Rxd4 31.Qe3 Qxe3 32.Rxe3 f5 33.Nc3 
Rd2+ 34.Kg1 R8d7 35.Rce1 Kf7 36.R1e2 Rxe2 37.Rxe2 h5 38.Rc2 Rc7 39.Rc1 h4 
40.Ne2 Rxc1+ 41.Nxc1 g5 42.Nd3 Ke6 43.a4 Kd5 44.Nb4+ Kc5 45.Na6+ Kd4 46.b4
Kc4 47.Kh2 g4 48.Kg2 f4 49.b5 Kb3 50.Nc5+ Kb4 51.Nd3+ Kxa4 52.Nxf4 Kxb5 
53.Ng6 a5 54.Nxh4 a4 55.Nf5 a3 0-1

[Event "53rd World U20 ch"]
[Site "Pune IND"]
[Date "2014.10.07"]
[Round "2.25"]
[White "Gagare, Shardul"]
[Black "Praggnanandhaa, R."]
[Result "1-0"]
[WhiteElo "2419"]
[BlackElo "1836"]
[EventDate "2014.10.06"]
[PlyCount "115"]

1.c4 e5 2.g3 Nc6 3.Bg2 Nf6 4.Nc3 Bc5 5.a3 a5 6.e3 O-O 7.Nge2 d6 8.O-O Bf5 
9.d4 exd4 10.exd4 Ba7 11.h3 Re8 12.g4 Be4 13.Nxe4 Nxe4 14.Qd3 Ng5 15.Be3 
Ne6 16.Qd2 Nf8 17.b4 Qc8 18.c5 dxc5 19.bxc5 a4 20.Rab1 Nd8 21.Ng3 c6 22.
Nf5 Bb8 23.Bf4 Bxf4 24.Qxf4 Qd7 25.Qd6 Qxd6 26.Nxd6 Re7 27.Rb4 Nfe6 28.f4 
f6 29.f5 Nc7 30.Rfb1 Nd5 31.Bxd5+ cxd5 32.Kf2 h5 33.Rb6 Kh7 34.gxh5 Kh6 
35.Re1 Rxe1 36.Kxe1 Ra7 37.Nc8 Ra8 38.Ne7 Kxh5 39.Nxd5 Nc6 40.Nc7 Rd8 41.
Ne6 Rd7 42.d5 Rxd5 43.Nf4+ Kg5 44.Nxd5 Kxf5 45.Rxb7 Ke4 46.Nb4 Nxb4 47.
axb4 a3 48.c6 a2 49.Ra7 a1=Q+ 50.Rxa1 Kd5 51.c7 Kc6 52.c8=Q+ Kd5 53.Ra5+ 
Ke4 54.Qg4+ Kd3 55.Ra3+ Kc2 56.Qd1+ Kb2 57.Rb3+ Ka2 58.Qb1# 1-0

[Event "53rd World U20 ch"]
[Site "Pune IND"]
[Date "2014.10.07"]
[Round "2.26"]
[White "Oparin, Grigory"]
[Black "Yashas, D."]
[Result "1-0"]
[WhiteElo "2552"]
[BlackElo "2159"]
[EventDate "2014.10.06"]
[PlyCount "101"]

1.e4 c5 2.Nf3 Nc6 3.Nc3 e5 4.Bc4 Be7 5.d3 d6 6.O-O Nf6 7.Bg5 O-O 8.Bxf6 
Bxf6 9.Nd5 g6 10.a3 Bg7 11.b4 b6 12.c3 Kh8 13.Rb1 f5 14.Qd2 f4 15.h3 Rb8 
16.Qe2 h5 17.Rfd1 Bb7 18.Kh2 Bc8 19.Rg1 Bh6 20.bxc5 bxc5 21.Rxb8 Nxb8 22.
Rb1 Nc6 23.Kg1 g5 24.Nh2 f3 25.Nxf3 g4 26.Nh2 Qg5 27.hxg4 hxg4 28.g3 Qh5 
29.Bb5 Nd8 30.Ne7 Be6 31.Bc4 Bd7 32.Nf5 Bxf5 33.exf5 Qxf5 34.Nxg4 Bg5 35.
Kg2 Kg7 36.Bd5 Rh8 37.Qe4 Qd7 38.a4 Bf4 39.Qf3 Bg5 40.a5 Rf8 41.Qe2 Qa4 
42.Qe4 Qxe4+ 43.dxe4 Bd2 44.Rb3 Kg6 45.a6 Rh8 46.Nh2 Bg5 47.Nf3 Rh7 48.Rb8
Rd7 49.Kf1 Be7 50.Ke2 Kf6 51.Nd2 1-0

[Event "53rd World U20 ch"]
[Site "Pune IND"]
[Date "2014.10.07"]
[Round "2.27"]
[White "Dragun, Kamil"]
[Black "Rakesh, Kumar Jena"]
[Result "1-0"]
[WhiteElo "2546"]
[BlackElo "2164"]
[EventDate "2014.10.06"]
[PlyCount "55"]

1.d4 Nf6 2.c4 g6 3.Nc3 Bg7 4.e4 d6 5.Nf3 O-O 6.Be2 e5 7.O-O Nc6 8.d5 Ne7 
9.a4 Nh5 10.a5 f5 11.Ng5 Nf6 12.Bf3 f4 13.b4 h6 14.Ne6 Bxe6 15.dxe6 g5 16.
a6 b6 17.c5 dxc5 18.bxc5 bxc5 19.Ba3 Qd6 20.Qb3 g4 21.Be2 f3 22.Bb5 c6 23.
Rfd1 Qc7 24.Ba4 Rab8 25.Qc4 Rfd8 26.Bxc5 fxg2 27.Rxd8+ Rxd8 28.Rb1 1-0

[Event "53rd World U20 ch"]
[Site "Pune IND"]
[Date "2014.10.07"]
[Round "2.28"]
[White "Abasov, Nijat"]
[Black "Vokhidov, Shamsiddin"]
[Result "1-0"]
[WhiteElo "2528"]
[BlackElo "2119"]
[EventDate "2014.10.06"]
[PlyCount "77"]

1.d4 Nf6 2.c4 e6 3.Nf3 Bb4+ 4.Nbd2 b6 5.a3 Bxd2+ 6.Qxd2 Bb7 7.e3 d6 8.Be2 
O-O 9.O-O Nbd7 10.b4 a5 11.Bb2 axb4 12.axb4 Qe7 13.Qc2 c5 14.Qb3 Bc6 15.
Rfd1 Rxa1 16.Rxa1 Ra8 17.Rxa8+ Bxa8 18.Nd2 Qd8 19.Qa3 Qc8 20.f3 Bb7 21.Kf2
Ne8 22.Nb3 f6 23.h3 Kf7 24.Qa7 cxb4 25.Qa4 Nb8 26.Qxb4 Qc7 27.Nd2 Nc6 28.
Qb5 Ne7 29.Ba3 Bc6 30.Qb4 e5 31.Bd3 g6 32.Ne4 exd4 33.exd4 d5 34.Nc3 Ng7 
35.cxd5 Nxd5 36.Qf8+ Ke6 37.Bc4 Kf5 38.Bxd5 Bxd5 39.Qxf6+ 1-0

[Event "53rd World U20 ch"]
[Site "Pune IND"]
[Date "2014.10.07"]
[Round "2.29"]
[White "Manigandan, S. S."]
[Black "Tari, Aryan"]
[Result "0-1"]
[WhiteElo "2099"]
[BlackElo "2450"]
[EventDate "2014.10.06"]
[PlyCount "70"]

1.d4 Nf6 2.c4 g6 3.Nc3 d5 4.cxd5 Nxd5 5.e4 Nxc3 6.bxc3 Bg7 7.Nf3 c5 8.Rb1 
O-O 9.Be2 cxd4 10.cxd4 Qa5+ 11.Bd2 Qxa2 12.O-O Bg4 13.Rxb7 Bxf3 14.Bxf3 
Bxd4 15.Bb4 Nc6 16.Bxe7 Rfc8 17.e5 Qc4 18.Rd7 Bxe5 19.Bd5 Qc3 20.Bxf7+ Kh8
21.Bd5 Rab8 22.Re1 Nxe7 23.Rxe7 Bd4 24.R7e4 Bc5 25.Qe2 Rb2 26.Re8+ Kg7 27.
Qe5+ Qxe5 28.R8xe5 Bxf2+ 29.Kf1 Bxe1 30.Rxe1 Rc7 31.h3 a5 32.Kg1 a4 33.Re3
Rb5 34.Ba2 Rc2 35.Ra3 Rg5 0-1